Losas de puente soportadas sobre sistemas de vigas de acero rígidas y flexibles

Sparad:
Bibliografiska uppgifter
Huvudupphovsman: Castillo Ureña, Heiner
Materialtyp: Bok
Publicerad: San José, C.R. 1997
Ämnen:
Taggar: Lägg till en tagg
Inga taggar, Lägg till första taggen!

MARC

LEADER 00000nam a2200000Ia 4500
003 008221
005 20221231144230.0
008 140114s1997 cr a m 000 ||s d
040 |c cru CEDI 
090 |a TFG 3674 
100 |a Castillo Ureña, Heiner  |9 9410 
245 |a Losas de puente soportadas sobre sistemas de vigas de acero rígidas y flexibles 
260 |c 1997  |a  San José, C.R. 
300 |a  78 hojas : ilustraciones  
500 |a  Tesis (licenciatura en ingeniería civil)--Universidad de Costa Rica. Facultad de Ingeniería. Escuela de Ingeniería Civil 
650 |x LOSAS DE HORMIGON   |x PUENTES METALICOS   |x ANALISIS ESTRUCTURAL (INGENIERIA)  |9 9411 
942 |c TFG 
999 |c 18802  |d 18802